Random Element Symbols - Statistics

General Stats
  • This quiz has been taken 34 times
  • The average score is 17 of 24
Answer Stats
Hint Answer % Correct
Fe Iron
97%
Cu Copper
94%
K Potassium
94%
Ag Silver
90%
Pb Lead
87%
Na Sodium
84%
Xe Xenon
84%
B Boron
81%
Ne Neon
77%
Si Silicon
77%
Sn Tin
77%
Ti Titanium
77%
Co Cobalt
74%
Ra Radium
71%
Be Beryllium
65%
Hg Mercury
65%
As Arsenic
61%
F Fluorine
61%
Rn Radon
58%
Ga Gallium
55%
Pu Plutonium
52%
Rb Rubidium
48%
Rh Rhodium
45%
Y Yttrium
45%
No matching quizzes found
Score Distribution
Percent of People with Each Score
Percentile by Number Answered
Your Score History
You have not taken this quiz